| 000 | 01039nam a22002537a 4500 | ||
|---|---|---|---|
| 005 | 20110620110443.0 | ||
| 008 | 110620t xxu||||| |||| 00| 0 mar d | ||
| 010 | _aMAR-20972 | ||
| 020 | _c60.00 | ||
| 035 | _aMR-13630 | ||
| 037 | _bDBAD/PUB | ||
| 040 |
_aDPL _bMR |
||
| 082 | _a641.5 | ||
| 100 |
_aपर्वते,वसुंधरा _928644 |
||
| 245 |
_aमुलांसाठी डबा / _cवसुंधरा पर्वते |
||
| 246 |
_aMulansathi Daba _bby Vasundhara Parvate |
||
| 260 |
_aपुणे _bनीहारा प्रकाशन _c2011 |
||
| 270 |
_a985,सदाशिव पेठ _bपुणे _e411030 |
||
| 300 |
_a80पृ. _c18सेमी(अजिल्द) |
||
| 650 |
_aपाककृती _928648 |
||
| 650 |
_aCooking _928649 |
||
| 942 |
_2ddc _cMR _h641.5 _mपर्वते |
||
| 999 |
_c53009 _d53009 |
||